|
|
|
|
| LEADER |
02010nam a2200553 i 4500 |
| 001 |
nkc20172903601 |
| 003 |
CZ PrNK |
| 005 |
20170911144523.0 |
| 007 |
ta |
| 008 |
170616s2017 xr ach e f 001 0 eng |
| 015 |
|
|
|a cnb002903601
|
| 020 |
|
|
|a 978-80-906105-1-4
|q (vázáno)
|
| 035 |
|
|
|a (OCoLC)1005723957
|
| 040 |
|
|
|a OLA001
|b cze
|e rda
|
| 072 |
|
7 |
|a 502
|x Životní prostředí a jeho ochrana
|2 Konspekt
|9 2
|
| 080 |
|
|
|a 316.7+008
|2 MRF
|
| 080 |
|
|
|a 001:316.3
|2 MRF
|
| 080 |
|
|
|a 502.1
|2 MRF
|
| 080 |
|
|
|a 53
|2 MRF
|
| 080 |
|
|
|a 53.01/.07
|2 MRF
|
| 080 |
|
|
|a 577.3
|2 MRF
|
| 080 |
|
|
|a (0.062)
|2 MRF
|
| 100 |
1 |
|
|a Plaček, Bohumír,
|d 1933-
|7 pna2015869845
|4 aut
|
| 245 |
1 |
0 |
|a Twilight of civilization :
|b vision of a physicist /
|c Bohumír Plaček
|
| 264 |
|
1 |
|a Rabštejn nad Střelou :
|b RabstejnLab,
|c 2017
|
| 300 |
|
|
|a 610 stran :
|b ilustrace (převážně barevné), portréty, faksimile ;
|c 22 cm
|
| 336 |
|
|
|a text
|b txt
|2 rdacontent
|
| 337 |
|
|
|a bez média
|b n
|2 rdamedia
|
| 338 |
|
|
|a svazek
|b nc
|2 rdacarrier
|
| 504 |
|
|
|a Obsahuje bibliografické odkazy a rejstřík
|
| 650 |
0 |
7 |
|a civilizace
|7 ph119248
|x prognózy
|2 czenas
|
| 650 |
0 |
7 |
|a věda a společnost
|7 ph196656
|2 czenas
|
| 650 |
0 |
7 |
|a člověk a životní prostředí
|7 ph135365
|2 czenas
|
| 650 |
0 |
7 |
|a člověk a příroda
|7 ph116877
|x fyzikální aspekty
|2 czenas
|
| 650 |
0 |
7 |
|a fyzikální jevy
|7 ph426849
|2 czenas
|
| 650 |
0 |
7 |
|a biofyzika
|7 ph114152
|2 czenas
|
| 650 |
0 |
9 |
|a civilization
|x forecasting
|2 eczenas
|
| 650 |
0 |
9 |
|a science and society
|2 eczenas
|
| 650 |
0 |
9 |
|a man and environment
|2 eczenas
|
| 650 |
0 |
9 |
|a man and nature
|x physical aspects
|2 eczenas
|
| 650 |
0 |
9 |
|a physical phenomena
|2 eczenas
|
| 650 |
0 |
9 |
|a biophysics
|2 eczenas
|
| 655 |
|
7 |
|a populárně-naučné publikace
|7 fd131864
|2 czenas
|
| 655 |
|
9 |
|a popular works
|2 eczenas
|
| 910 |
2 |
|
|a BOA001
|b 2-1393.086
|
| 990 |
|
|
|a BK
|
| 995 |
|
|
|a 01
|
| 991 |
|
|
|b 201709
|c NOV
|
| 996 |
6 |
|
|b 2610715787
|c 2-1393.086
|l MZK
|r Sklad / do 1 hodiny
|n 0
|p p.v.
|w 001625362
|u 000010
|a 1
|e BOA001
|j MZK50
|s P
|